000 00258nam a22001217a 4500
008 180115b xxu||||| |||| 00| 0 eng d
041 _aeng
080 _a316
100 _a50
101 _aSOC
245 _aPROBLEMS PERSPECTIVES
_cJOHN.L
942 _2udc
_cBK
999 _c40263
_d40263